Statystyki dla Mistrzowie lig europejskich w sezonie 2019/2020

Kliknij tutaj aby rozwiązać quiz!

Ogólne statystyki

  • Ten quiz został rozwiązany 175 razy
  • Średni wynik to 12 z 21

Statystyki odpowiedzi

państwoklub% Poprawnych
HiszpaniaReal Madryt
99%
WłochyJuventus
98%
PolskaLegia Warszawa
98%
AngliaLiverpool
98%
FrancjaPSG
98%
SzkocjaCeltic
93%
NiemcyBayern
90%
PortugaliaPorto
74%
RosjaZenit
72%
ChorwacjaDinamo Zagrzeb
71%
BelgiaClub Brugge
60%
UkrainaSzachtar
58%
AustriaRB Salzburg
50%
SerbiaCrvena Zvezda
37%
CyprOmonia
26%
SłowacjaSlovan Bratyslawa
25%
GrecjaOlympiacos
20%
TurcjaBasaksehir
19%
BułgariaLudogorets
18%
DaniaMidtjylland
12%
BiHSarajewo
12%

Rozkład punktacji

Percentyl według liczby udzielonych odpowiedzi

Procent ludzi z każdym wynikiem

Twoja historia wyników

Nie rozwiązałeś tego quizu